00799pam a2200229 a 4500020003000000040000800030082006400038100002000102245004200122260003700164300003500201500005900236650001300295650002800308650001300336650001900349700002100368700002100389942000700410999001700417952013500434 a0070417016 (alk. paper) : cDLC00a306 MCG 1994 A017 Or. 1 aBird, Gloria W.10aFamilies and intimate relationships / aNew York :bMcGraw-Hill,cc1994. axix, 512. p. :bill. ;c26 cm. aBased on Marriage and family today, by Keith Melville. 0aFamilies 0aMan-woman relationships 0aMarriage 0aMate selection1 aMelville, Keith.1 aMelville, Keith. cEK c11681d11681 0010406306_000000000000000_MCG_1994_A066_OR70959895aLBAbLBAcA066d2017-08-04o306 MCG 1994 A066 Or.pA20141r2017-08-04yEK